Pestré povídky. Část 2 / Anton Pavlovič Čechov ; přeložili: A.G. Stín a V. Červinka ; překlad rediguje Pavel Papáček
Record details
- Physical Description: 314, [2] s. ; 8°
- Publisher: V Praze : J. Otto, 1911
Search for related items by series
Available copies
- 1 of 1 copy available at Common Catalog SPOK.
Holds
- 0 current holds with 1 total copy.
Show Only Available Copies
| Location | Call Number / Copy Notes | Barcode | Shelving Location | Status | Due Date |
|---|---|---|---|---|---|
| KDS Library | 810 ČeA | 204576801018 | Library | Available | - |
| LDR | 01239nam a2200349 a 4500 | ||
|---|---|---|---|
| 001 | 20688 | ||
| 003 | CZ-PrJAB | ||
| 005 | 20150709102000.0 | ||
| 008 | 050516s1911 xr e cze | ||
| 020 | . | ‡q(váz.) | |
| 035 | . | ‡a(CZ PrSKC)000325881 | |
| 040 | . | ‡aPNA001 ‡bcze | |
| 041 | 1 | . | ‡acze ‡hrus |
| 080 | . | ‡a821.161.1-32 | |
| 080 | . | ‡a(0:82-32) | |
| 100 | 1 | . | ‡aČechov, Anton Pavlovič, ‡d1860-1904 ‡7jn19990210160 ‡4aut |
| 245 | 1 | 0. | ‡aPestré povídky. ‡nČást 2 / ‡cAnton Pavlovič Čechov ; přeložili: A.G. Stín a V. Červinka ; překlad rediguje Pavel Papáček |
| 246 | 3 | 3. | ‡aSpisy Antona Pavloviče Čechova : ‡bDíl II. Pestré povídky. Část 2 |
| 260 | . | ‡aV Praze : ‡bJ. Otto, ‡c1911 ‡f(Unie) | |
| 300 | . | ‡a314, [2] s. ; ‡c8° | |
| 490 | 1 | . | ‡aRuská knihovna ; ‡v[sv.] 66 |
| 490 | 1 | . | ‡aSpisy Antona Pavloviče Čechova ; ‡vdíl 6 |
| 700 | 1 | . | ‡aPapáček, Pavel, ‡d1863-1930 ‡7jk01091694 ‡4edt |
| 700 | 1 | . | ‡aVrzal, Augustin Alois, ‡d1864-1930 ‡7jk01151070 ‡4trl |
| 700 | 1 | . | ‡aČervinka, Vincenc, ‡d1877-1942 ‡7jk01021747 ‡4trl |
| 830 | 0. | ‡aRuská knihovna | |
| 830 | 0. | ‡aSpisy Antona Pavloviče Čechova | |
| 900 | . | ‡aPNA001 ‡b9 | |
| 910 | . | ‡aABE463 | |
| 922 | . | ‡abeletrie | |
| 922 | . | ‡apovídky | |
| 922 | . | ‡aruské povídky | |
| 998 | . | ‡a003058672 | |
| 901 | . | ‡a20688 ‡b ‡c20688 ‡tbiblio | |